[Event "Midland Ch Forrest Cup"]
[Site "Derby"]
[Date "1994.03.20"]
[Round "5"]
[White "Ledger, Stephen C"]
[Black "Simpson, John W"]
[Result "1/2-1/2"]
[WhiteElo "2088"]
[BlackElo "1992"]
[PlyCount "59"]
[EventDate "1994.03.18"]
[EventType "swiss"]
[EventRounds "6"]
[EventCountry "ENG"]
[SourceTitle "BritBase"]
[Source "John Saunders"]
[SourceDate "2022.11.28"]
[SourceVersion "1"]
[SourceVersionDate "2022.08.23"]
[SourceQuality "1"]

1. d4 d5 2. Nf3 e6 3. Bf4 Bd6 4. Bg3 Nf6 5. e3 O-O 6. Bd3 b6 7. Qe2 Bb7 8. Nbd2
Qe7 9. Ne5 Ne4 10. Qh5 g6 11. Qh6 f6 12. Bxe4 dxe4 13. Nec4 f5 14. Nxd6 cxd6
15. Nc4 Rc8 16. Nxd6 Rxc2 17. O-O Bd5 18. Rfc1 Rxc1+ 19. Rxc1 Nc6 20. Nb5 Rc8
21. a3 a6 22. Nc3 Na5 23. h4 Rc6 24. Kh2 Nc4 25. b3 Na5 26. b4 Nc4 27. Nxd5
exd5 28. Qf4 Rc8 29. h5 Qg7 30. hxg6 1/2-1/2

[Event "Midland Ch Forrest Cup"]
[Site "Derby"]
[Date "1994.03.20"]
[Round "5"]
[White "Mercs, Peter J"]
[Black "Hardy, Otto H"]
[Result "1-0"]
[WhiteElo "1984"]
[BlackElo "1928"]
[PlyCount "52"]
[EventDate "1994.03.18"]
[EventType "swiss"]
[EventRounds "6"]
[EventCountry "ENG"]
[SourceTitle "BritBase"]
[Source "John Saunders"]
[SourceDate "2022.11.28"]
[SourceVersion "1"]
[SourceVersionDate "2022.08.23"]
[SourceQuality "1"]

1. e4 e5 2. Nf3 Nc6 3. Bb5 Bc5 4. O-O Nf6 5. Nxe5 Nxe5 6. d4 c6 7. dxe5 Nxe4 8.
Bd3 d5 9. exd6 Nxd6 10. Re1+ Kf8 11. Nc3 Qf6 12. Be3 Bxe3 13. fxe3 h5 14. Rf1
Qg5 15. Qf3 Be6 16. Ne4 Nxe4 17. Bxe4 Qg4 18. Bd3 Qxf3 19. gxf3 Ke7 20. c4 f5
21. Kf2 Kf6 22. Rg1 c5 23. e4 f4 24. e5+ Kf7 25. Be2 Rad8 26. Rad1 b6 {"The
scoresheet is indecipherable after this point. This position may not be
correct." (bulletin)} 1-0

[Event "Midland Ch Forrest Cup"]
[Site "Derby"]
[Date "1994.03.20"]
[Round "5"]
[White "Newton, Robert"]
[Black "Moss, Neil"]
[Result "0-1"]
[WhiteElo "2056"]
[BlackElo "1984"]
[PlyCount "92"]
[EventDate "1994.03.18"]
[EventType "swiss"]
[EventRounds "6"]
[EventCountry "ENG"]
[SourceTitle "BritBase"]
[Source "John Saunders"]
[SourceDate "2022.11.28"]
[SourceVersion "1"]
[SourceVersionDate "2022.08.23"]
[SourceQuality "1"]

1. d4 c5 2. d5 e5 3. c4 d6 4. e4 Be7 5. Nc3 Bg5 6. Bd3 Bxc1 7. Qxc1 Ne7 8. Nge2
O-O 9. O-O Ng6 10. a3 Qh4 11. f4 exf4 12. Nxf4 Nd7 13. Nxg6 hxg6 14. Rf4 Qe7
15. b4 b6 16. Qe3 Ne5 17. h3 Bd7 18. Rb1 Qg5 19. Ne2 Rac8 20. b5 Qe7 21. Ng3
Qg5 22. Bf1 Ra8 23. Rb3 a6 24. bxa6 Rxa6 25. Qc1 Rfa8 26. Ne2 Ra4 27. Rxb6 Nd3
28. Qe3 Nxf4 29. Qxf4 Qxf4 30. Nxf4 R4a6 31. Rb7 Bc8 32. Rb2 Rxa3 33. e5 g5 34.
Nd3 Bf5 35. Nf2 dxe5 36. g4 Bg6 37. Bg2 Ra1+ 38. Kh2 R1a2 39. Rxa2 Rxa2 40. Kg3
Ra3+ 41. Kh2 Kf8 42. d6 Ra6 43. d7 Ke7 44. Be4 Ra2 45. Kg3 Rxf2 46. Bxg6 Rf4
0-1

[Event "Midland Ch Forrest Cup"]
[Site "Derby"]
[Date "1994.03.20"]
[Round "5"]
[White "Phillips, Alan"]
[Black "McSheehy, Nigel AP"]
[Result "0-1"]
[WhiteElo "1992"]
[BlackElo "1992"]
[PlyCount "80"]
[EventDate "1994.03.18"]
[EventType "swiss"]
[EventRounds "6"]
[EventCountry "ENG"]
[SourceTitle "BritBase"]
[Source "John Saunders"]
[SourceDate "2022.11.28"]
[SourceVersion "1"]
[SourceVersionDate "2022.08.23"]
[SourceQuality "1"]

1. e4 c5 2. Nf3 Nc6 3. Bb5 g6 4. O-O Bg7 5. Re1 Nf6 6. c3 O-O 7. d4 Qb6 8. Na3
cxd4 9. cxd4 d5 10. e5 Ne4 11. Be3 Bf5 12. Nh4 f6 13. Nxf5 gxf5 14. Qb3 Rad8
15. f4 a6 16. Ba4 Qxb3 17. Bxb3 Na5 18. Bc2 fxe5 19. fxe5 b5 20. b3 Nc6 21. g3
Nb4 22. Bb1 Rc8 23. Kh1 e6 24. Kg1 Rf7 25. Kh1 Rfc7 26. Kg1 Bf8 27. Kh1 Be7 28.
g4 fxg4 29. Bxe4 dxe4 30. Rg1 h5 31. h3 Nd5 32. Bc1 Rxc1 33. Raxc1 Rxc1 34.
Rxc1 Bxa3 35. Rc8+ Kg7 36. hxg4 h4 37. Rc2 Kg6 38. Re2 e3 39. Kg1 Bb4 40. Kf1
Bd2 0-1

[Event "Midland Ch Forrest Cup"]
[Site "Derby"]
[Date "1994.03.20"]
[Round "5"]
[White "Rose, Kenneth T"]
[Black "Nohre, Hakan VP"]
[Result "1-0"]
[WhiteElo "1928"]
[BlackElo "2048"]
[PlyCount "59"]
[EventDate "1994.03.18"]
[EventType "swiss"]
[EventRounds "6"]
[EventCountry "ENG"]
[SourceTitle "BritBase"]
[Source "John Saunders"]
[SourceDate "2022.11.28"]
[SourceVersion "1"]
[SourceVersionDate "2022.08.23"]
[SourceQuality "1"]

1. e4 Nf6 2. Nc3 d5 3. e5 Nfd7 4. d4 e6 5. f4 c5 6. Nf3 Nc6 7. Be3 Be7 8. Qd2
b6 9. Be2 Bb7 10. O-O O-O 11. Qe1 Qc8 12. a3 cxd4 13. Nxd4 Bc5 14. Qd2 Nxd4 15.
Bxd4 Ba6 16. Bxa6 Qxa6 17. Bxc5 bxc5 18. Kh1 Rab8 19. b3 Qa5 20. Qd3 Rfc8 21.
Qg3 Qc7 22. Rae1 d4 23. Ne4 g6 24. Nf6+ Nxf6 25. exf6 Qd8 26. Qg5 h6 27. Qh4
Kh7 28. Rf3 c4 $4 (28... Qf8 $15) 29. Qxh6+ Kxh6 30. Rh3# 1-0

[Event "Midland Ch Forrest Cup"]
[Site "Derby"]
[Date "1994.03.20"]
[Round "6"]
[White "Alcock, Michael W"]
[Black "Ledger, Andrew J"]
[Result "1/2-1/2"]
[WhiteElo "2160"]
[BlackElo "2376"]
[PlyCount "63"]
[EventDate "1994.03.18"]
[EventType "swiss"]
[EventRounds "6"]
[EventCountry "ENG"]
[SourceTitle "BritBase"]
[Source "John Saunders"]
[SourceDate "2022.11.28"]
[SourceVersion "1"]
[SourceVersionDate "2022.08.23"]
[SourceQuality "1"]

1. e4 c6 2. d4 d5 3. e5 Bf5 4. Nc3 Qb6 5. Nf3 e6 6. Be2 Nd7 7. O-O Ne7 8. b3
Bg4 9. Na4 Qc7 10. c4 Nf5 11. Bb2 Be7 12. h3 Bxf3 13. Bxf3 O-O 14. Qd3 dxc4 15.
bxc4 Rad8 16. Qe4 Qa5 17. Bd1 b5 18. g4 bxa4 19. gxf5 exf5 20. Qc2 a3 21. Bc3
Qa6 22. Be2 g6 23. d5 Bc5 24. Bd3 Rfe8 25. Rae1 Qb7 26. d6 Nf8 27. Kh2 f4 28.
Be4 Qd7 29. Qd3 Ne6 30. h4 Rc8 31. Rd1 Red8 32. Qf3 1/2-1/2

[Event "Midland Ch Forrest Cup"]
[Site "Derby"]
[Date "1994.03.20"]
[Round "6"]
[White "Escott, Keith L"]
[Black "Dyce, Andrew"]
[Result "1-0"]
[WhiteElo "2000"]
[BlackElo "1904"]
[PlyCount "75"]
[EventDate "1994.03.18"]
[EventType "swiss"]
[EventRounds "6"]
[EventCountry "ENG"]
[SourceTitle "BritBase"]
[Source "John Saunders"]
[SourceDate "2022.11.28"]
[SourceVersion "1"]
[SourceVersionDate "2022.08.23"]
[SourceQuality "1"]

1. e4 c5 2. Nf3 d6 3. d4 cxd4 4. Nxd4 Nf6 5. Nc3 a6 6. Be3 e6 7. f3 b5 8. g4
Be7 9. g5 Nfd7 10. Qd2 Ne5 11. O-O-O Bb7 12. h4 Nbd7 13. f4 b4 14. Nd5 exd5 15.
Nf5 Nc4 16. Bxc4 dxc4 17. Nxg7+ Kf8 18. Qd4 Rg8 19. Nf5 Nc5 20. Qxc4 Nxe4 21.
Qxb4 Qc7 22. Nh6 Rg7 23. Bd4 f6 24. Rhe1 Rc8 25. c3 d5 26. Qb3 Qxf4+ 27. Be3
Qc7 28. Rf1 Ba8 29. Bd4 Rg6 30. Ng4 Kg7 31. Qc2 Rf8 32. Rf3 Bc6 33. gxf6+ Bxf6
34. Nxf6 Nxf6 35. h5 Rh6 36. Rg1+ Kh8 37. Qf5 Qh2 38. Qg5 1-0

[Event "Midland Ch Forrest Cup"]
[Site "Derby"]
[Date "1994.03.20"]
[Round "6"]
[White "Fisher, Roy C"]
[Black "Downes, D."]
[Result "1-0"]
[WhiteElo "1728"]
[BlackElo "1952"]
[PlyCount "25"]
[EventDate "1994.03.18"]
[EventType "swiss"]
[EventRounds "6"]
[EventCountry "ENG"]
[SourceTitle "BritBase"]
[Source "John Saunders"]
[SourceDate "2022.11.28"]
[SourceVersion "1"]
[SourceVersionDate "2022.08.23"]
[SourceQuality "1"]

1. e4 c5 2. Nf3 d6 3. Be2 Nf6 4. c3 g6 5. O-O Bg7 6. Re1 O-O 7. Bf1 Nc6 8. d4
cxd4 9. cxd4 Bg4 10. Nc3 Qb6 11. Na4 Qa5 12. a3 $4 Nxd4 $2 (12... Bxf3 $1 13.
gxf3 Nxd4 $17) 13. Qxd4 (13. Qxd4 {and it would appear that Black resigned.
However, he doesn't have to lose after} Bxf3 14. Bd2 Qh5 $1 15. gxf3 Ng4 $1 {
and Black threatens mate and win of queen. But White doesn't have to resign
either as he has} 16. Qxg7+ Kxg7 17. fxg4 Qxg4+ 18. Bg2 {and a draw is perhaps
the likeliest result. JS}) 1-0

[Event "Midland Ch Forrest Cup"]
[Site "Derby"]
[Date "1994.03.20"]
[Round "6"]
[White "Grinsell, Lee A"]
[Black "Cohen, Aron J"]
[Result "1-0"]
[WhiteElo "1984"]
[BlackElo "2152"]
[PlyCount "55"]
[EventDate "1994.03.18"]
[EventType "swiss"]
[EventRounds "6"]
[EventCountry "ENG"]
[SourceTitle "BritBase"]
[Source "John Saunders"]
[SourceDate "2022.11.28"]
[SourceVersion "1"]
[SourceVersionDate "2022.08.23"]
[SourceQuality "1"]

1. e4 d6 2. d4 Nf6 3. Nc3 g6 4. Nf3 Bg7 5. h3 O-O 6. Be3 d5 7. e5 Ne4 8. Bd3
Nxc3 9. bxc3 c5 10. O-O Nc6 11. Rb1 Qc7 12. Re1 Bd7 13. Qd2 Rad8 14. Bf4 Be6
15. Ng5 cxd4 16. Nxe6 fxe6 17. cxd4 Na5 18. Bg5 b6 19. Qe2 Rf7 20. Qg4 Qc8 21.
h4 Rdf8 22. Rf1 Nc4 23. h5 Rf5 24. hxg6 h6 25. Bc1 h5 26. Qh4 Qe8 27. Bxf5 Rxf5
28. Rb3 1-0

[Event "Midland Ch Forrest Cup"]
[Site "Derby"]
[Date "1994.03.20"]
[Round "6"]
[White "Hardy, Otto H"]
[Black "Phillips, Alan"]
[Result "0-1"]
[WhiteElo "1928"]
[BlackElo "1992"]
[PlyCount "44"]
[EventDate "1994.03.18"]
[EventType "swiss"]
[EventRounds "6"]
[EventCountry "ENG"]
[SourceTitle "BritBase"]
[Source "John Saunders"]
[SourceDate "2022.11.28"]
[SourceVersion "1"]
[SourceVersionDate "2022.08.23"]
[SourceQuality "1"]

1. d4 Nf6 2. Bg5 d5 3. Nd2 Nbd7 4. e3 h6 5. Bf4 e6 6. Bd3 c5 7. c3 Qb6 8. Rb1
Be7 9. h3 O-O 10. Ngf3 a5 11. O-O Bd6 12. Bxd6 Qxd6 13. e4 cxd4 14. Nxd4 Nc5
15. Nb5 Qb6 16. Be2 dxe4 17. Nxe4 Ncxe4 18. Qd3 Bd7 19. Rbd1 Nc5 20. Qe3 Bxb5
21. b4 Bxe2 22. bxc5 Qa6 0-1

[Event "Midland Ch Forrest Cup"]
[Site "Derby"]
[Date "1994.03.20"]
[Round "6"]
[White "Hebden, Mark L"]
[Black "Cooper, Lawrence"]
[Result "1/2-1/2"]
[WhiteElo "2544"]
[BlackElo "2288"]
[PlyCount "140"]
[EventDate "1994.03.18"]
[EventType "swiss"]
[EventRounds "6"]
[EventCountry "ENG"]
[SourceTitle "BritBase"]
[Source "John Saunders"]
[SourceDate "2022.11.28"]
[SourceVersion "1"]
[SourceVersionDate "2022.08.23"]
[SourceQuality "1"]

1. e4 e5 2. Nf3 Nc6 3. Nc3 Nf6 4. d4 exd4 5. Nxd4 Bb4 6. Nxc6 bxc6 7. Bd3 d5 8.
exd5 Qe7+ 9. Qe2 cxd5 10. Qxe7+ Kxe7 11. Bd2 Bd7 12. O-O-O Rhe8 13. f3 Kf8 14.
g4 Be6 15. g5 Nh5 16. Bb5 Red8 17. Bc6 Rab8 18. Nb5 Bxd2+ 19. Rxd2 Rb6 20. Nd4
Rd6 21. Ba4 Bd7 22. Bxd7 Rxd7 23. Re1 Nf4 24. Re5 g6 25. Ne2 Re6 26. Rxe6 Nxe6
27. h4 Ke7 28. b4 c6 29. Rd3 Rb7 30. Rb3 Kd6 31. Kd2 Ng7 32. Nd4 Ne6 33. c3 Rb6
34. a4 Nxd4 35. cxd4 Rb8 36. b5 h6 37. gxh6 Rh8 38. Rc3 cxb5 39. axb5 Rxh6 40.
Rc6+ Kd7 41. Ra6 Kc7 42. Rxa7+ Kb6 43. Rxf7 Rxh4 44. Kd3 Rh3 45. Ke3 Kxb5 46.
Rg7 Rg3 47. Kf4 Rg1 48. Rc7 g5+ 49. Ke5 Rf1 50. Kxd5 Rxf3 51. Rb7+ Ka6 52. Rg7
Kb6 53. Kd6 g4 54. Rxg4 Kb7 55. d5 Kc8 56. Rg8+ Kb7 57. Re8 Rd3 58. Re1 Kc8 59.
Re5 Kd8 60. Rh5 Kc8 61. Rh8+ Kb7 62. Rd8 Rh3 63. Rf8 Rd3 64. Rf7+ Kc8 65. Rc7+
Kd8 66. Ra7 Kc8 67. Ra1 Rd2 68. Re1 Kd8 69. Rg1 Kc8 70. Rg5 Rd1 1/2-1/2

[Event "Midland Ch Forrest Cup"]
[Site "Derby"]
[Date "1994.03.20"]
[Round "6"]
[White "Jackson, Oliver A"]
[Black "Ledger, Stephen C"]
[Result "0-1"]
[WhiteElo "2176"]
[BlackElo "2088"]
[PlyCount "133"]
[EventDate "1994.03.18"]
[EventType "swiss"]
[EventRounds "6"]
[EventCountry "ENG"]
[SourceTitle "BritBase"]
[Source "John Saunders"]
[SourceDate "2022.11.28"]
[SourceVersion "1"]
[SourceVersionDate "2022.08.23"]
[SourceQuality "1"]

1. e4 c5 2. f4 Nc6 3. Nf3 g6 4. Bb5 Nd4 5. Nxd4 cxd4 6. O-O Bg7 7. d3 e6 8. Nd2
a6 9. Ba4 Ne7 10. Nc4 O-O 11. Bd2 a5 12. Qe1 b6 13. Qh4 d5 14. Ne5 dxe4 15.
dxe4 Ba6 16. Rf3 f6 17. Nd3 f5 18. Rh3 h5 19. e5 Nd5 20. Qg3 Kf7 21. a3 Qc7 22.
Qf2 Rfd8 23. Qxd4 b5 24. Bb3 a4 25. Bxd5 Rxd5 26. Qc3 Qc4 27. Nb4 Rd4 28. Qxc4
Rxc4 29. Rd3 Rc7 30. Nxa6 Rxa6 31. c3 Bf8 32. Be3 Be7 33. Rad1 Ke8 34. Kf2 Rac6
35. g3 Kf7 36. Rd7 Ke8 37. Rxc7 Rxc7 38. Bb6 Rd7 39. Bd4 Kd8 40. Ke3 Kc7 41.
Bb6+ Kc6 42. Rxd7 Kxd7 43. Kd4 Kc6 44. Ba7 g5 45. c4 gxf4 46. gxf4 Bh4 47.
cxb5+ Kxb5 48. Kd3 Be1 49. Be3 Ba5 50. Bd2 Bb6 51. Kc3 Bc5 52. b4 Be7 53. Be3
Bf8 54. Kd3 Be7 55. Bf2 Bd8 56. Bc5 Bh4 57. Bd6 Bd8 58. Bf8 Bh4 59. Bh6 Bd8 60.
Bg5 Bb6 61. Be7 Bf2 $11 62. Ke2 $4 Bd4 $19 63. Kd3 Bb2 64. h3 Bc1 65. Bc5 Bxa3
66. Kc2 Bxb4 67. Be3 0-1

[Event "Midland Ch Forrest Cup"]
[Site "Derby"]
[Date "1994.03.20"]
[Round "6"]
[White "Ledger, Dave J"]
[Black "Moss, Neil"]
[Result "1-0"]
[WhiteElo "2272"]
[BlackElo "1984"]
[PlyCount "47"]
[EventDate "1994.03.18"]
[EventType "swiss"]
[EventRounds "6"]
[EventCountry "ENG"]
[SourceTitle "BritBase"]
[Source "John Saunders"]
[SourceDate "2022.11.28"]
[SourceVersion "1"]
[SourceVersionDate "2022.08.23"]
[SourceQuality "1"]

1. Nf3 c5 2. g3 Nf6 3. Bg2 g6 4. O-O Bg7 5. d3 Nc6 6. e4 d6 7. Nc3 O-O 8. h3
Rb8 9. a4 e5 10. Nh2 a6 11. f4 b5 12. axb5 axb5 13. f5 h6 14. h4 b4 15. Ne2 h5
16. Bg5 Ne7 17. g4 hxg4 18. Ng3 gxf5 19. exf5 Kh7 20. Nxg4 Neg8 21. Nh5 Re8 22.
Qe2 Bh8 23. Bxf6 Bxf6 24. Nhxf6+ 1-0

[Event "Midland Ch Forrest Cup"]
[Site "Derby"]
[Date "1994.03.20"]
[Round "6"]
[White "Mercs, Peter J"]
[Black "Webster, Richard J"]
[Result "1/2-1/2"]
[WhiteElo "1984"]
[BlackElo "155"]
[PlyCount "102"]
[EventDate "1994.03.18"]
[EventType "swiss"]
[EventRounds "6"]
[EventCountry "ENG"]
[SourceTitle "BritBase"]
[Source "John Saunders"]
[SourceDate "2022.11.28"]
[SourceVersion "1"]
[SourceVersionDate "2022.08.23"]
[SourceQuality "1"]

1. e4 d6 2. d4 Nf6 3. Nc3 g6 4. f3 c6 5. Bc4 b5 6. Bb3 a6 7. Be3 Bb7 8. Qd2
Nbd7 9. a4 Nb6 10. Bh6 Nc4 11. Bxc4 bxc4 12. Bxf8 Rxf8 13. a5 h5 14. Nge2 d5
15. e5 Nd7 16. O-O e6 17. f4 c5 18. Na4 Rc8 19. dxc5 Nxc5 20. Nxc5 Rxc5 21. Nd4
c3 22. bxc3 Rxa5 23. Rae1 Rc5 24. f5 gxf5 25. Kh1 Rc7 26. Rb1 Rg8 27. Rb6 Qg5
28. Qf2 Bc8 29. Rb3 Qg4 30. c4 Qe4 31. Re1 Rxg2 32. Rxe4 Rxf2 33. Rh4 Rd2 34.
cxd5 Bb7 35. Rd3 Bxd5+ 36. Kg1 Rg2+ 37. Kf1 Rg4 38. Rxg4 hxg4 39. Kf2 Be4 40.
Ra3 Bxc2 41. Rxa6 Be4 42. Ra3 Rc4 43. Nb5 Rc2+ 44. Kg3 Rg2+ 45. Kf4 Rf2+ 46.
Kg5 Rxh2 47. Nd6+ Kf8 48. Nxe4 fxe4 49. Kxg4 Re2 50. Kf4 Kg7 51. Rg3+ Kf8
1/2-1/2

[Event "Midland Ch Forrest Cup"]
[Site "Derby"]
[Date "1994.03.20"]
[Round "6"]
[White "Newton, Robert"]
[Black "Brown, Anthony J"]
[Result "0-1"]
[WhiteElo "2056"]
[BlackElo "2000"]
[PlyCount "106"]
[EventDate "1994.03.18"]
[EventType "swiss"]
[EventRounds "6"]
[EventCountry "ENG"]
[SourceTitle "BritBase"]
[Source "John Saunders"]
[SourceDate "2022.11.28"]
[SourceVersion "1"]
[SourceVersionDate "2022.08.23"]
[SourceQuality "1"]

1. d4 d5 2. c4 e6 3. Nc3 c6 4. Nf3 dxc4 5. a4 Bb4 6. e4 b5 7. Be2 Nf6 8. Qc2
Bb7 9. O-O a6 10. Bg5 Qc7 11. Rad1 Nbd7 12. e5 Ng8 13. b3 Nb6 14. bxc4 Nxc4 15.
Bxc4 bxc4 16. a5 Ne7 17. Ne4 Nd5 18. Qxc4 Qxa5 19. Rb1 O-O 20. Bd2 Bxd2 21.
Nfxd2 Rab8 22. Nb3 Qb5 23. Qc1 Qd3 24. Nec5 Qg6 25. Nd7 c5 26. Nxf8 Rxf8 27. f3
Bc6 28. Nxc5 Bb5 29. Re1 f5 30. Ra1 Rc8 31. Qd2 f4 32. Ra3 h5 33. Rea1 Kh7 34.
Qc1 Kh8 35. Qb1 Qe8 36. Nxa6 Nc3 37. Rxc3 Rxc3 38. Nc5 Bc6 39. Ra2 Bd5 40. Rb2
g5 41. h3 Kg7 42. Ne4 Qc6 43. Nxc3 Qxc3 44. Rb4 g4 45. hxg4 hxg4 46. fxg4 $4 (
46. Kh2 $1 $18) 46... Qe3+ 47. Kf1 Be4 $19 48. Rb7+ Kg6 49. Rb3 Bxb1 50. Rxe3
fxe3 51. Ke2 Be4 52. g3 Kg5 53. Kxe3 Bd5 0-1

[Event "Midland Ch Forrest Cup"]
[Site "Derby"]
[Date "1994.03.20"]
[Round "6"]
[White "Simpson, John W"]
[Black "Garabetyan, Arno"]
[Result "1/2-1/2"]
[WhiteElo "1992"]
[BlackElo "1984"]
[PlyCount "57"]
[EventDate "1994.03.18"]
[EventType "swiss"]
[EventRounds "6"]
[EventCountry "ENG"]
[SourceTitle "BritBase"]
[Source "John Saunders"]
[SourceDate "2022.11.28"]
[SourceVersion "1"]
[SourceVersionDate "2022.08.23"]
[SourceQuality "1"]

1. e4 c5 2. Nf3 d6 3. d4 cxd4 4. Nxd4 Nf6 5. Nc3 e6 6. Be3 a6 7. g4 e5 8. Nf5
g6 9. g5 gxf5 10. exf5 d5 11. Qf3 Ne4 12. Nxe4 dxe4 13. Qxe4 Nc6 14. Bc4 Qc7
15. O-O-O Bd7 16. f4 O-O-O 17. Bxf7 Bd6 18. Bb6 Qxb6 19. Rxd6 exf4 20. Qxf4 Qc5
21. Rd5 Qe7 22. Rxd7 Rxd7 23. Be6 Nd8 24. Bxd7+ Qxd7 25. Rd1 Qc7 26. Qf2 Re8
27. h4 Qc4 28. Qd2 Qf7 29. f6 1/2-1/2

[Event "Midland Ch Forrest Cup"]
[Site "Derby"]
[Date "1994.03.20"]
[Round "6"]
[White "Tait, Jonathan A"]
[Black "Edge, John A"]
[Result "1-0"]
[WhiteElo "2096"]
[BlackElo "1864"]
[PlyCount "85"]
[EventDate "1994.03.18"]
[EventType "swiss"]
[EventRounds "6"]
[EventCountry "ENG"]
[SourceTitle "BritBase"]
[Source "John Saunders"]
[SourceDate "2022.11.28"]
[SourceVersion "1"]
[SourceVersionDate "2022.08.23"]
[SourceQuality "1"]

1. e4 c5 2. Nf3 Nc6 3. Bb5 e6 4. O-O Nd4 5. Nxd4 cxd4 6. c3 a6 7. Bd3 dxc3 8.
dxc3 Ne7 9. Qe2 Nc6 10. f4 Bc5+ 11. Kh1 b5 12. Nd2 Bb7 13. e5 d5 14. f5 Qd7 15.
fxe6 Qxe6 16. Nf3 h6 17. Bf4 O-O 18. Rae1 Rae8 19. Qc2 Bc8 20. Bg3 Ne7 21. b4
Ba7 22. Nd4 Bxd4 23. cxd4 Qb6 24. Qd2 Be6 25. Bb1 Rc8 26. Rf3 Rc4 27. Bf2 Rfc8
28. Be3 Rc3 $6 29. Ref1 Qc6 30. Rg3 Qc4 31. Qf2 Ng6 32. h4 h5 $2 (32... Rxe3 $1
33. Rxe3 Qxd4 $13) 33. Bxg6 fxg6 34. Rxg6 Rxe3 35. Qf6 $18 Rc7 36. Qxe6+ Kh7
37. Rf7 Qc1+ 38. Kh2 Rh3+ 39. gxh3 Rc2+ 40. Rg2 Rxg2+ 41. Kxg2 Qc2+ 42. Rf2
Qe4+ 43. Kh2 1-0

[Event "Midland Ch Forrest Cup"]
[Site "Derby"]
[Date "1994.03.20"]
[Round "6"]
[White "Walton, Jonathan S"]
[Black "McSheehy, Nigel AP"]
[Result "1/2-1/2"]
[WhiteElo "2104"]
[BlackElo "1992"]
[PlyCount "23"]
[EventDate "1994.03.18"]
[EventType "swiss"]
[EventRounds "6"]
[EventCountry "ENG"]
[SourceTitle "BritBase"]
[Source "John Saunders"]
[SourceDate "2022.11.28"]
[SourceVersion "1"]
[SourceVersionDate "2022.08.23"]
[SourceQuality "1"]

1. d4 d5 2. c4 e6 3. Nc3 Nf6 4. cxd5 Nxd5 5. e4 Nxc3 6. bxc3 c5 7. Nf3 cxd4 8.
cxd4 Nc6 9. Be2 Bb4+ 10. Bd2 Bxd2+ 11. Qxd2 O-O 12. O-O 1/2-1/2